[Event "Portoroz op 11th"]
[Site "Portoroz"]
[Date "2017.07.23"]
[Round "3"]
[White "Vazquez del Valle, Ruben"]
[Black "Mestek, Igor"]
[Result "1/2-1/2"]
[WhiteElo "1852"]
[BlackElo "2156"]
[PlyCount "83"]
[EventDate "2017.07.22"]
[EventType "swiss"]
[EventRounds "9"]
[EventCountry "SLO"]
[SourceTitle "EXT 2018"]
[Source "ChessBase"]
[SourceDate "2017.10.13"]
[SourceVersion "1"]
[SourceVersionDate "2017.10.13"]
[SourceQuality "1"]

1. Nf3 Nf6 2. g3 b6 3. Bg2 Bb7 4. 0-0 e6 5. c4 c5 6. Nc3 Be7 7. d3 d6 8. e3 0-0 9. Bd2 Nbd7 10. Qe2 Qc7 11. Rac1 Rfe8 12. Rfd1 h6 13. d4 Rac8 14. b3 Qb8 15. Ne1 d5 16. Nc2 Bf8 17. Be1 Qa8 18. cxd5 exd5 19. Qf1 a6 20. h3 b5 21. dxc5 Nxc5 22. Nd4 b4 23. Nce2 a5 24. Kh2 Ba6 25. Qh1 Rcd8 26. Nf4 Bb7 27. Nd3 Nxd3 28. Rxd3 Rc8 29. Rdd1 Ne4 30. Bf1 Ba6 31. Kg2 a4 32. Bxa6 Qxa6 33. Qf1 Qa8 34. Qb5 axb3 35. axb3 Rxc1 36. Rxc1 Rb8 37. Qc6 Qa3 38. Rc2 Qa5 39. Qc7 Qa8 40. Qc6 Qa5 41. Qc7 Qa8 42. Qc6 1/2-1/2